00748nam a2200217 a 450000100060000000300080000600500170001400800410003103500200007204000370009204100080012908200260013710000260016324500910018926000570028030000190033750000200035650400660037665000380044265100500048040797BD-RjUL20211209053259.0871007t19681967enk b 001 0 eng d a( BD-RjUL)40912 aYWMcYWMdUKMdBD-RjULdEQObeng aeng04a324.273218bTHF 19681 aThayer, Georged1933-14aThe farther shores of politics :bthe American political fringe today /cGeorge Thayer aLondon :bAllen Lane The Penguin Press,c1968, c1967 a610 p.c22 cm. aIncludes index. aBibliographical references included in "Notes" (p. [583]-589) 0aPolitical partieszUnited States. 0aUnited StatesxPolitics and governmenty1945-